Eastern Sudan in its setting : the archaeology of a region far from the Nile Valley /

Ongoing research in Eastern Sudan has provided a preliminary reconstruction of the history of the region from c. 6000 BC to AD 1500. This publication outlines this reconstruction and also considers the more general setting known for the other regions of northeastern Africa.

محفوظ في:

المؤلف الرئيسي: Manzo, Andrea (مؤلف)

التنسيق: كتاب الكتروني

اللغة: English

منشور في: Oxford : Archaeopress Publishing Ltd, [2017]

سلاسل: Cambridge monographs in African archaeology ; 94.
Access archaeology.

الموضوعات:

الوصول للمادة أونلاين: Login to view Source

الوسوم: إضافة وسم

لا توجد وسوم, كن أول من يضع وسما على هذه التسجيلة!

رقم الطلب: DT154.8

LEADER 01970nam a2200445 i 4500
001 EDZ0001703136
003 StDuBDS
005 20230412181931.0
006 m|||||o||d||||||||
007 cr |||||||||||
008 170310t20172017enka fob 000|0|eng|d
020 |a 9781784915599 (ebook) :  |c No price 
040 |a StDuBDS  |b eng  |c StDuBDS  |e rda  |e pn 
050 4 |a DT154.8 
082 0 4 |a 962.401  |2 23 
100 1 |a Manzo, Andrea,  |e author. 
245 1 0 |a Eastern Sudan in its setting :  |b the archaeology of a region far from the Nile Valley /  |c Andrea Manzo. 
264 1 |a Oxford :  |b Archaeopress Publishing Ltd,  |c [2017] 
264 4 |c ©2017 
300 |a 1 online resource :  |b illustrations (black and white, and colour). 
336 |a text  |2 rdacontent 
336 |a still image  |2 rdacontent 
337 |a computer  |2 rdamedia 
338 |a online resource  |2 rdacarrier 
490 1 |a Cambridge monographs in African archaeology ;  |v 94 
490 1 |a Access archaeology 
500 |a Previously issued in print: 2017. 
504 |a Includes bibliographical references. 
520 8 |a Ongoing research in Eastern Sudan has provided a preliminary reconstruction of the history of the region from c. 6000 BC to AD 1500. This publication outlines this reconstruction and also considers the more general setting known for the other regions of northeastern Africa. 
521 |a Specialized. 
588 |a Description based on online resource; title from home page (viewed on June 28 2017). 
650 0 |a Excavations (Archaeology)  |z Sudan. 
651 0 |a Sudan  |x Antiquities. 
776 0 8 |i Print version :  |z 9781784915582 
830 0 |a Cambridge monographs in African archaeology ;  |v 94. 
830 0 |a Access archaeology. 
856 4 0 |3 Archaeopress  |u http://library.arce.org:8087/Archaeopress/Products/9781784915582 
942 |2 lcc  |c EBOOK 
952 |0 0  |1 0  |4 0  |6 DT01548  |7 1  |9 46252  |a ARCH  |b ARCH  |d 2023-04-12  |l 0  |o DT154.8  |r 2023-04-12 00:00:00  |w 2023-04-12  |y EBOOK 
999 |c 51910  |d 51910